00558 2200193 4500001002100000005001800021008004100039035002400080090002200104100002100126245005600147250001200203260003100215300002200246650002400268700004200292850001500334999001500349YOGYA-1010000000225920101005100449535 ind  0010-101000000002259 aDEP 658.406 Ber P aBerger, Peter L. aPikiran kembara : modernisasi dan kesadaran manusia aCet. 1. aYogyakartabKanisiusc1992 a230 hlm. ; 21 cm. aManajemen konsultan aBerger, Brigitle ; Kellner, Hansfried aYOPDYOG[B] aD000018324